00535nam a22001577a 450000500170000001000150001702000260003203500130005803700130007108200120008424501040009626000320020027000840023230000310031649000300034720160614123525.0 aENG-114405 a9789351436171c475.00 aEN-97937 bDBAD/PUB a338.954 aJigeesha's economic & social development in India : bfor Civil Services (preliminary) examination  aGurgaonbLexisNexisc(201?) a14th Floor, Building No.10, Tower-B, DLF Cyber City, Phase-II bGurgaone122002 avarious pagingsc25cm(pbk) aCATAPULT test prep series